Patricks by Picture - Statistics

General Stats
  • This quiz has been taken 30 times
  • The average score is 8 of 14
Answer Stats
Picture Answer % Correct
Patrick Swayze
86%
Pat Benatar
72%
Patrick Ewing
69%
Patrick Mahomes
69%
Patrick Star
69%
Patrick Stewart
66%
Pat Sajak
62%
Patrick Dempsey
55%
Pat Morita
52%
Patrick Warburton
48%
Pat Nixon
45%
Pat Boone
31%
Pat Buchanan
24%
Patrick Stump
10%
No matching quizzes found
Score Distribution
Percent of People with Each Score
Percentile by Number Answered
Your Score History
You have not taken this quiz